Gem in the lotus :the seeding of Indian civilisation (Record no. 70094)

000 -LEADER
fixed length control field 01055cam a2200325 a 4500
001 - CONTROL NUMBER
control field 12402873
003 - CONTROL NUMBER IDENTIFIER
control field NUST - PNEC
005 - DATE AND TIME OF LATEST TRANSACTION
control field 20170116181133.0
008 - FIXED-LENGTH DATA ELEMENTS--GENERAL INFORMATION
fixed length control field 010105s2000 ii b 001 0 eng
010 ## - LIBRARY OF CONGRESS CONTROL NUMBER
LC control number 00411308
020 ## - INTERNATIONAL STANDARD BOOK NUMBER
International Standard Book Number 0670911038
025 ## - OVERSEAS ACQUISITION NUMBER
Overseas acquisition number I-E-00-411308; 56-92
035 ## - SYSTEM CONTROL NUMBER
System control number (DLC) 00411308
037 ## - SOURCE OF ACQUISITION
Source of stock number/acquisition Library of Congress -- New Delhi Field Office
Terms of availability Rs495.00
040 ## - CATALOGING SOURCE
Original cataloging agency DLC
Transcribing agency LIBRARY
Modifying agency DLC
042 ## - AUTHENTICATION CODE
Authentication code lcode
043 ## - GEOGRAPHIC AREA CODE
Geographic area code a-ii---
050 00 - LIBRARY OF CONGRESS CALL NUMBER
Classification number DS425
Item number .E27 2000
082 00 - DEWEY DECIMAL CLASSIFICATION NUMBER
Classification number 954.02 ERA
Edition number 21
100 1# - MAIN ENTRY--PERSONAL NAME
Personal name Eraly, Abraham.
245 10 - TITLE STATEMENT
Title Gem in the lotus :the seeding of Indian civilisation
Statement of responsibility, etc. Abraham Eraly.
260 ## - PUBLICATION, DISTRIBUTION, ETC.
Place of publication, distribution, etc. New Delhi ;
-- New York :
Name of publisher, distributor, etc. Viking,
Date of publication, distribution, etc. c.2000
300 ## - PHYSICAL DESCRIPTION
Extent viii, 586 p. ;
Dimensions 23 cm.
504 ## - BIBLIOGRAPHY, ETC. NOTE
Bibliography, etc. note Includes bibliographical references (p. [564]-569) and index.
650 ## - SUBJECT ADDED ENTRY--TOPICAL TERM
9 (RLIN) 14119
Topical term or geographic name entry element Gem in the lotus
General subdivision General
651 #0 - SUBJECT ADDED ENTRY--GEOGRAPHIC NAME
Geographic name India
General subdivision Civilization
Chronological subdivision To 1200.
906 ## - LOCAL DATA ELEMENT F, LDF (RLIN)
a 7
b cbc
c origode
d 3
e ncip
f 20
g y-gencatlg
942 ## - ADDED ENTRY ELEMENTS (KOHA)
Source of classification or shelving scheme
Koha item type Book
Holdings
Withdrawn status Lost status Source of classification or shelving scheme Damaged status Not for loan Permanent Location Current Location Shelving location Date acquired Total Checkouts Full call number Barcode Date last seen Price effective from Koha item type
          Pakistan Navy Engineering College (PNEC) Pakistan Navy Engineering College (PNEC)       954.02 ERA PNECLIB-028607 10/06/2015   Book
© 2023 Central Library, National University of Sciences and Technology. All Rights Reserved.